000 00625nam a2200205 a 4500
005 20210219152819.0
008 991125n 000 0 spa u
035 _aUPN01000062201
222 _aINVESTIGACION EN LA ESCUELA
245 _aLa atención a la situación del mundo en la situación del mundo en la educación de los futuros ciudadanos y ciudadanas
260 _aEspaña
300 _a39-56
362 _a2000 No. 4
653 0 _aEDUCACION FORMAL
653 0 _aESTRATEGIAS DE ENSEÑANZA
653 0 _aPRACTICA DOCENTE
700 _aGIL PEREZ, Daniel. coaut.
904 _aAC
_b000012
905 _aArticulo
999 _c61561
_d61561